| 000 | 00361nam a2200145Ia 4500 | ||
|---|---|---|---|
| 008 | 230917s9999||||xx |||||||||||||| ||und|| | ||
| 040 |
_e136449 _aMAIN |
||
| 041 | _aEnglish | ||
| 082 | _a519.5 G55T | ||
| 100 | _aGoel, Ajay | ||
| 245 | 0 | _aMathematics and statistics for CA foundation | |
| 260 |
_aNew Delhi _bTaxman _c2002 |
||
| 300 | _a1041 p. | ||
| 942 | _cBK | ||
| 999 |
_c111898 _d111898 |
||